Những bài toán đại số lượng giác thi vào đại học Từ năm học 1990-1991 đến năm học 2000-2001
Đã lưu trong:
| Hovedforfatter: | |
|---|---|
| Format: | Bog |
| Sprog: | Undetermined |
| Udgivet: |
Tp. HCM
Trẻ
2001
|
| Fag: | |
| Tags: |
Tilføj Tag
Ingen Tags, Vær først til at tagge denne postø!
|
| Thư viện lưu trữ: | Trung tâm Học liệu Trường Đại học Cần Thơ |
|---|
| LEADER | 00610nam a2200181Ia 4500 | ||
|---|---|---|---|
| 001 | CTU_46703 | ||
| 008 | 210402s9999 xx 000 0 und d | ||
| 082 | |a 515.076 | ||
| 082 | |b Th455đ | ||
| 100 | |a HỒ VĂN THÔNG | ||
| 245 | 0 | |a Những bài toán đại số lượng giác thi vào đại học | |
| 245 | 0 | |b Từ năm học 1990-1991 đến năm học 2000-2001 | |
| 245 | 0 | |c HỒ VĂN THÔNG | |
| 260 | |a Tp. HCM | ||
| 260 | |b Trẻ | ||
| 260 | |c 2001 | ||
| 650 | |a mathematical analysis - problems, exercises, etc. | ||
| 980 | |a Trung tâm Học liệu Trường Đại học Cần Thơ | ||